Pháp lệnh thực hành tiết kiệm, chống lãng phí

Những qui định chung. Qui định cụ thể về thực hành tiết kiệm, chống lãng phí. Nhiệm vụ quyền hạn của các cơ quan nhà nước và trách nhiệm của các tổ chức cá nhân. Khen thưởng và xử lí vi phạm điều khoản thi hành....

תיאור מלא

שמור ב:
מידע ביבליוגרפי
מחבר תאגידי: Việt Nam (Cộng hòa Xã hội Chủ nghĩa)
פורמט: ספר
שפה:Undetermined
יצא לאור: Hà Nội Chính trị Quốc gia 1998
נושאים:
תגים: הוספת תג
אין תגיות, היה/י הראשונ/ה לתייג את הרשומה!
Thư viện lưu trữ: Trung tâm Học liệu Trường Đại học Cần Thơ
LEADER 01037nam a2200217Ia 4500
001 CTU_27995
008 210402s9999 xx 000 0 und d
020 |c 2800 
082 |a 332.26 
082 |b V308 
110 |a Việt Nam (Cộng hòa Xã hội Chủ nghĩa) 
245 0 |a Pháp lệnh thực hành tiết kiệm, chống lãng phí 
245 0 |c Việt Nam (Cộng hòa Xã hội Chủ nghĩa) 
260 |a Hà Nội 
260 |b Chính trị Quốc gia 
260 |c 1998 
520 |a Những qui định chung. Qui định cụ thể về thực hành tiết kiệm, chống lãng phí. Nhiệm vụ quyền hạn của các cơ quan nhà nước và trách nhiệm của các tổ chức cá nhân. Khen thưởng và xử lí vi phạm điều khoản thi hành. 
650 |a Finance, public 
650 |z Vietnam 
904 |i Nguyễn Quang Điền, Giang sửa 
980 |a Trung tâm Học liệu Trường Đại học Cần Thơ